| 000 | 00949cam a2200229 a 4500 | ||
|---|---|---|---|
| 001 | 000002814 | ||
| 005 | 20200929150249.0 | ||
| 008 | 000817s1999 pr b 001 e spa | ||
| 020 | _z0963344103 | ||
| 040 |
_aDO-SdBNP _bspa _cBNPHU |
||
| 082 |
_aPR864.44 _bE74e |
||
| 100 | 1 |
_aEscobar, Elizam, _d1948- _98891 |
|
| 245 | 1 | 4 |
_aLos ensayos del artificiero : _bmás allá de lo político directo y el post-modernismo (1983-1993) / _cElizam Escobar. |
| 260 |
_aCayey ; _aSan Juan, Puerto Rico : _bSopa de Letras ; _bIsla Negra, _c1999. _eSanto Domingo: _fBúho |
||
| 300 |
_a247 p. ; _c22 cm. |
||
| 500 | _aLa impresión de este libro se realizó gracias a una aportación de la Fundación Francisco Manrique Cabrera. | ||
| 504 | _aBibliografía: p. 246-247. | ||
| 650 | 4 |
_aEnsayos puertorriqueños _98892 |
|
| 650 | 4 |
_aLiteratura post-modernista _98893 |
|
| 650 | 4 |
_aLiteratura puertorriqueña _9250 |
|
| 710 | 2 |
_aFundación Francisco Manrique Cabrera _98894 |
|
| 999 |
_c2648 _d2648 |
||